| 000 | 00875naa a22002657a 4500 | ||
|---|---|---|---|
| 001 | BR7404799 | ||
| 003 | BR-BrBNA | ||
| 005 | 20250709164619.0 | ||
| 007 | ta | ||
| 008 | 250630b bl.|||m| |||| 00| 0 por d | ||
| 040 |
_aBR-BrBNA _bpor _cBiblioteca Nacional de Agricultura |
||
| 041 | _a(Pt) | ||
| 072 |
_aQ10; M10 _b8310 |
||
| 090 | _aQ10 BR7404799 | ||
| 100 | 1 | _aZikan, C.A. | |
| 245 | 1 | _aIndustrializacao do camarao | |
| 500 | _aBoletim informativo Brasilia, DF (Brasil): 1974. p. 8-12 (BR7404799-AMS) | ||
| 650 | _aTecnologia de alimento | ||
| 650 | _aIndustria alimenticia | ||
| 650 | _aCamarao | ||
| 650 | _aCaptura | ||
| 490 |
_aBoletim Informativo. Serie Ensaios - Departamento Nacional de Inspecao de Produtos de Origem Animal. Div. de Inspecao de Pescado e Derivados (Brazil) _vno. 1 |
||
| 942 |
_cAMS _2AGRIS |
||
| 909 |
_a202506 _bLúcia _c55 _dLúcia Elande |
||
| 999 |
_c332686 _d332686 |
||